| 000 -LEADER |
| fixed length control field |
01541nam a2200313 a 4500 |
| 001 - CONTROL NUMBER |
| control field |
ASIN0964920506 |
| 005 - DATE AND TIME OF LATEST TRANSACTION |
| control field |
20170105102934.0 |
| 008 - FIXED-LENGTH DATA ELEMENTS--GENERAL INFORMATION |
| fixed length control field |
150707s1995 xxu eng d |
| 020 ## - INTERNATIONAL STANDARD BOOK NUMBER |
| International Standard Book Number |
0964920506 (paperback) |
| Terms of availability |
$19.95 |
| 020 ## - INTERNATIONAL STANDARD BOOK NUMBER |
| International Standard Book Number |
9780964920507 (paperback) |
| 040 ## - CATALOGING SOURCE |
| Original cataloging agency |
0 |
| 050 04 - LIBRARY OF CONGRESS CALL NUMBER |
| Classification number |
HV7936.J63 |
| 082 04 - DEWEY DECIMAL CLASSIFICATION NUMBER |
| Classification number |
364.4 |
| Author Mark |
SID 1995 |
| 100 1# - MAIN ENTRY--PERSONAL NAME |
| Personal name |
Siddle, Bruce K. |
| 245 10 - TITLE STATEMENT |
| Title |
Sharpening the warriors edge : |
| Remainder of title |
the psychology & science of training / |
| Statement of responsibility, etc. |
Bruce K. Siddle. |
| 250 ## - EDITION STATEMENT |
| Edition statement |
1st ed. |
| 260 ## - PUBLICATION, DISTRIBUTION, ETC. |
| Place of publication, distribution, etc. |
[S.l.] : |
| Name of publisher, distributor, etc. |
PPCT Research Publications, |
| Date of publication, distribution, etc. |
1995. |
| 300 ## - PHYSICAL DESCRIPTION |
| Extent |
148 p. ; |
| Dimensions |
25 cm. |
| 520 ## - SUMMARY, ETC. |
| Summary, etc. |
Sharpening the Warrior's Edge is the first text which examines survival and combat performance from a scientific perspective. Author Bruce K. Siddle methodically brings together one hundred years of research which identifies the relationship between survival stress, the heart rate and combat performance. Most importantly, Siddle explores the psychological and spiritual components which establish the warrior mindset. This pioneering test is a must read for present-day warriors, or anyone involved in use of force, combat or martial arts training. |
| 650 #0 - SUBJECT ADDED ENTRY--TOPICAL TERM |
| Topical term or geographic name entry element |
Combat survival |
| 650 #0 - SUBJECT ADDED ENTRY--TOPICAL TERM |
| Topical term or geographic name entry element |
Combat--Physiological aspects |
| 650 #0 - SUBJECT ADDED ENTRY--TOPICAL TERM |
| Topical term or geographic name entry element |
Combat--Psychological aspects |
| 650 #0 - SUBJECT ADDED ENTRY--TOPICAL TERM |
| Topical term or geographic name entry element |
Criminal justice personnel--Training of |
| 650 #0 - SUBJECT ADDED ENTRY--TOPICAL TERM |
| Topical term or geographic name entry element |
Physical fitness |
| 650 #0 - SUBJECT ADDED ENTRY--TOPICAL TERM |
| Topical term or geographic name entry element |
Stress management |
| 650 #0 - SUBJECT ADDED ENTRY--TOPICAL TERM |
| Topical term or geographic name entry element |
Survival |
| 856 40 - ELECTRONIC LOCATION AND ACCESS |
| Materials specified |
Amazon.com |
| Uniform Resource Identifier |
<a href="http://www.amazon.com/exec/obidos/ASIN/0964920506/chopaconline-20">http://www.amazon.com/exec/obidos/ASIN/0964920506/chopaconline-20</a> |
| 942 ## - ADDED ENTRY ELEMENTS (KOHA) |
| Source of classification or shelving scheme |
|
| Koha item type |
Book |